000 00466nam a2200181Ia 4500
001 11630
005 20260306162842.0
008 260306t2011||||xx |||||||||||||| ||spa||
041 _aESP
082 _a985.6
_bM12
100 _aUniversidad Nacional de San Antonio Abad de Cusco
_eAUT
245 0 _aMachu Pichu. Catálogo de la colección
260 _c2011
300 _a204 páginas :
_c31 cm.
650 _aGEN
654 _aCHU
942 _cLIB
_dJUS
_fJUS
_2ddc
_n
999 _c11630
_d11630